000 00992nam a2200241 i 4500
001 42557
003 ES-MaACL
005 20230906160633.0
007 t|
008 030407s2002 sp |||| | spa d
020 _a84-932259-0-8
080 _a930.255(460):94(485)
100 1 _aMartínez Ruiz, Enrique.
_978385
245 1 0 _aSuecia en los archivos generales españoles
_b: fuentes para la historia hispanosueca /
_cEnrique Martínez Ruiz, Magdalena de Pazzis Pi Corrales ; [translation into English from Spanish, Dave Alan Langlois].
260 _aMadrid :
_bFundación Berndt Wistedt,
_c[2002]
300 _a76, 74 p. ;
_c24 cm.
500 _aPrecede al tít.: Encuentros Históricos España-Suecia.
546 _aPort. y textos contrapuestos en español y en inglés.
651 4 _aSuecia-
_xHistoria-
_xRecursos archivísticos-
_zEspaña.
_99415
700 1 _aPi Corrales, Magdalena de Pazzis.
_991719
710 2 _aFundación Berndt Wistedt.
_94233
852 _aES-MaACL
_jL-26158
999 _c42557
_d42557